Words in Polish - Statistics

General Stats
  • This quiz has been taken 97 times
    88 since last reset
  • The average score is 15 of 20
Answer Stats
Words in Polish Words in English % Correct
Polski Polish
100%
Jabłko Apple
96%
Woda Water
96%
Muzyka Music
90%
Dom House
86%
Imię Name
83%
Pomoc Help
81%
Człowiek Human
81%
Książka Book
79%
Krzesło Chair
77%
Łóżko Bed
74%
Pszczoła Bee
72%
Państwo State
72%
Szkło Glass
71%
Ziemia Earth
67%
Biurko Desk
63%
Podłoga Floor
63%
Ołówek Pencil
63%
Żywność Food
49%
Śpiączka Coma
42%
No matching quizzes found
Score Distribution
Percent of People with Each Score
Percentile by Number Answered
Your Score History
You have not taken this quiz since the last reset